[Event "TUR Cup"]
[Site "Antalya"]
[Date "2019.02.03"]
[Round "11"]
[White "Yilmaz, Cumhur"]
[Black "Kilic, Cihan"]
[Result "0-1"]
[WhiteElo "1676"]
[BlackElo "1886"]
[PlyCount "100"]
[EventDate "2019.01.27"]
[EventType "swiss"]
[EventRounds "11"]
[EventCountry "TUR"]
[SourceTitle "CBM 188 Extra"]
[Source "ChessBase"]
[SourceDate "2019.02.26"]
[SourceVersion "1"]
[SourceVersionDate "2019.02.26"]
[SourceQuality "1"]

1. d4 Nf6 2. Nf3 e6 3. Bg5 d5 4. e3 Nbd7 5. Nbd2 b6 6. Bb5 Be7 7. Ne5 0-0 8. Nc6 Qe8 9. Ne5 Ne4 10. Nxe4 dxe4 11. Bf4 Bd6 12. Bc6 Rb8 13. Bxe4 Bxe5 14. dxe5 Qe7 15. c3 Rd8 16. Qh5 h6 17. 0-0 Nc5 18. Bc6 Nd3 19. b4 Bb7 20. Bxb7 Rxb7 21. Bg3 Qd7 22. Rfd1 c5 23. Qg4 Qb5 24. a4 Qe8 25. Ra2 Rbd7 26. Rad2 cxb4 27. cxb4 Rd5 28. Bh4 Nxe5 29. Rxd5 Rxd5 30. Rxd5 exd5 31. Qd1 Qc6 32. Bg3 Nc4 33. h3 Nb2 34. b5 Qc4 35. Qd4 Nxa4 36. Bb8 Qxb5 37. Bxa7 Qc6 38. Qb4 Qc1+ 39. Kh2 Qc7+ 40. g3 Qxa7 41. f4 Nc5 42. Qb5 Kh7 43. Qc6 Qa2+ 44. Kh1 Qb1+ 45. Kg2 Qc2+ 46. Kf3 Qd1+ 47. Kg2 Qe2+ 48. Kh1 Qf1+ 49. Kh2 Qf2+ 50. Kh1 Ne4 0-1

[Event "TUR Cup"]
[Site "Antalya"]
[Date "2019.02.01"]
[Round "9"]
[White "Baylav, Can"]
[Black "Kilic, Cihan"]
[Result "1-0"]
[WhiteElo "2108"]
[BlackElo "1886"]
[PlyCount "56"]
[EventDate "2019.01.27"]
[EventType "swiss"]
[EventRounds "11"]
[EventCountry "TUR"]
[SourceTitle "CBM 188 Extra"]
[Source "ChessBase"]
[SourceDate "2019.02.26"]
[SourceVersion "1"]
[SourceVersionDate "2019.02.26"]
[SourceQuality "1"]

1. e4 c6 2. d4 d5 3. e5 Bf5 4. Nd2 e6 5. Nb3 Nd7 6. Nf3 Ne7 7. Be2 c5 8. c4 dxc4 9. Bxc4 Nc6 10. 0-0 Be7 11. Re1 0-0 12. d5 exd5 13. Bxd5 Qc7 14. Bf4 Nb6 15. Be4 Rad8 16. Qe2 Qc8 17. a3 Nd5 18. Bg3 Nc7 19. Bh4 Bxh4 20. Nxh4 Bxe4 21. Qxe4 Ne6 22. Nf5 Qc7 23. Rac1 Qb6 24. Qc4 g6 25. Ng3 Na5 26. Nxa5 Qxa5 27. Qh4 Qd2 28. Ne4 h5 1-0

[Event "TUR Cup"]
[Site "Antalya"]
[Date "2019.01.30"]
[Round "5"]
[White "Kilic, Cihan"]
[Black "Erim, Engin"]
[Result "1-0"]
[WhiteElo "1886"]
[BlackElo "1615"]
[PlyCount "65"]
[EventDate "2019.01.27"]
[EventType "swiss"]
[EventRounds "11"]
[EventCountry "TUR"]
[SourceTitle "CBM 188 Extra"]
[Source "ChessBase"]
[SourceDate "2019.02.26"]
[SourceVersion "1"]
[SourceVersionDate "2019.02.26"]
[SourceQuality "1"]

1. d4 Nf6 2. c4 c5 3. d5 e6 4. Nc3 exd5 5. cxd5 d6 6. e4 g6 7. f4 Bg7 8. Nf3 Bg4 9. Bd3 0-0 10. 0-0 Re8 11. h3 Bxf3 12. Qxf3 Na6 13. Be3 Nc7 14. Rae1 Rb8 15. g4 b5 16. h4 b4 17. Nd1 Nd7 18. g5 Nb5 19. h5 Nd4 20. Qh3 b3 21. a3 Nc2 22. Re2 Nxe3 23. Nxe3 Bd4 24. Kh1 Re7 25. Ng4 Qe8 26. e5 dxe5 27. Nf6+ Nxf6 28. gxf6 e4 29. fxe7 exd3 30. Qxd3 f5 31. d6 g5 32. Qxf5 Qxh5+ 33. Rh2 1-0

[Event "TUR Cup"]
[Site "Antalya"]
[Date "2019.01.27"]
[Round "1"]
[White "Kilic, Cihan"]
[Black "Kaplan, Can Sores"]
[Result "1-0"]
[WhiteElo "1886"]
[BlackElo "1551"]
[PlyCount "59"]
[EventDate "2019.01.27"]
[EventType "swiss"]
[EventRounds "11"]
[EventCountry "TUR"]
[SourceTitle "CBM 188 Extra"]
[Source "ChessBase"]
[SourceDate "2019.02.26"]
[SourceVersion "1"]
[SourceVersionDate "2019.02.26"]
[SourceQuality "1"]

1. d4 g6 2. e4 Bg7 3. Nf3 d6 4. Bd3 Bg4 5. c3 Nc6 6. h3 Bxf3 7. Qxf3 Nf6 8. 0-0 0-0 9. Nd2 e5 10. d5 Ne7 11. Nc4 Nd7 12. g4 Nc5 13. Bc2 c6 14. b4 Na6 15. dxc6 bxc6 16. Rd1 d5 17. Na5 Qb6 18. Bb3 Rad8 19. exd5 cxd5 20. Bxd5 Nxd5 21. Rxd5 f5 22. Be3 Qc7 23. Rxd8 Rxd8 24. Rd1 fxg4 25. hxg4 Rxd1+ 26. Qxd1 h6 27. Qd3 Nb8 28. Qxg6 Nd7 29. Bxh6 Nf8 30. Qxg7+ 1-0

[Event "TUR-chT2"]
[Site "Konya"]
[Date "2018.07.15"]
[Round "9.7"]
[White "Camdereli, Gunduz"]
[Black "Kilic, Cihan"]
[Result "1-0"]
[WhiteElo "1662"]
[BlackElo "1887"]
[PlyCount "91"]
[EventDate "2018.07.10"]
[EventType "team-swiss"]
[EventRounds "9"]
[EventCountry "TUR"]
[SourceTitle "EXT 2019"]
[Source "ChessBase"]
[SourceDate "2018.10.10"]
[SourceVersion "1"]
[SourceVersionDate "2018.10.10"]
[SourceQuality "1"]
[WhiteTeam "Bursa Uludag"]
[BlackTeam "Siirt Cedid"]
[WhiteTeamCountry "TUR"]
[BlackTeamCountry "TUR"]

1. e4 c6 2. d4 d5 3. Nc3 dxe4 4. Nxe4 Bf5 5. Ng3 Bg6 6. h4 h6 7. Nf3 Nd7 8. h5 Bh7 9. Bd3 Bxd3 10. Qxd3 Ngf6 11. c4 e6 12. Bd2 Qc7 13. Ne4 Nxe4 14. Qxe4 Nf6 15. Qe2 Bd6 16. g3 Qe7 17. 0-0-0 0-0-0 18. Ba5 Bc7 19. Bc3 Rhe8 20. Ne5 Nd7 21. f4 Nf6 22. g4 c5 23. dxc5 Qxc5 24. Kb1 Qe7 25. Bd4 Kb8 26. Qe3 a6 27. Bc5 Bd6 28. Rxd6 Rxd6 29. Nxf7 Qxf7 30. Bxd6+ Ka8 31. Qe2 Rd8 32. Be5 Nd7 33. Rd1 Rc8 34. b3 Qe7 35. Qb2 Nxe5 36. Qxe5 Rd8 37. Rxd8+ Qxd8 38. Kc2 Qd7 39. g5 Qc6 40. Qxg7 Qg2+ 41. Kc3 Qg3+ 42. Kb4 Qe1+ 43. Ka4 Qe4 44. Qf8+ Ka7 45. Qc5+ Ka8 46. g6 1-0

[Event "TUR-chT2"]
[Site "Konya"]
[Date "2018.07.12"]
[Round "4.3"]
[White "Kilic, Cihan"]
[Black "Gurel, Ahmet Unal"]
[Result "0-1"]
[WhiteElo "1887"]
[BlackElo "1952"]
[PlyCount "46"]
[EventDate "2018.07.10"]
[EventType "team-swiss"]
[EventRounds "9"]
[EventCountry "TUR"]
[SourceTitle "EXT 2019"]
[Source "ChessBase"]
[SourceDate "2018.10.10"]
[SourceVersion "1"]
[SourceVersionDate "2018.10.10"]
[SourceQuality "1"]
[WhiteTeam "Siirt Cedid"]
[BlackTeam "Ceylanpinar Belediyesi"]
[WhiteTeamCountry "TUR"]
[BlackTeamCountry "TUR"]

1. d4 Nf6 2. c4 g6 3. Nc3 d5 4. Nf3 Bg7 5. g3 0-0 6. Bg2 dxc4 7. Ne5 Nc6 8. Nxc6 bxc6 9. 0-0 Rb8 10. Bxc6 Bg4 11. Rb1 Bf5 12. e4 Bh3 13. Re1 Rb6 14. d5 Ng4 15. Na4 Rb8 16. f4 Kh8 17. Nc5 c3 18. e5 Rb4 19. Re4 Rxe4 20. Nxe4 Qb8 21. Qb3 c2 22. Qxc2 Qb4 23. Qe2 Qd4+ 0-1

[Event "TUR-chT2"]
[Site "Konya"]
[Date "2018.07.10"]
[Round "1.4"]
[White "Yardim, Ahmet"]
[Black "Kilic, Cihan"]
[Result "0-1"]
[WhiteElo "1454"]
[BlackElo "1887"]
[PlyCount "92"]
[EventDate "2018.07.10"]
[EventType "team-swiss"]
[EventRounds "9"]
[EventCountry "TUR"]
[SourceTitle "EXT 2019"]
[Source "ChessBase"]
[SourceDate "2018.10.10"]
[SourceVersion "1"]
[SourceVersionDate "2018.10.10"]
[SourceQuality "1"]
[WhiteTeam "Bitlis Genclik"]
[BlackTeam "Siirt Cedid"]
[WhiteTeamCountry "TUR"]
[BlackTeamCountry "TUR"]

1. e4 c6 2. d4 d5 3. Nc3 dxe4 4. Nxe4 Nd7 5. Nf3 Ngf6 6. Nxf6+ Nxf6 7. Bd3 Bg4 8. c3 e6 9. Bg5 Be7 10. 0-0 0-0 11. h3 Bh5 12. Be2 Rc8 13. Ne5 Bxe2 14. Qxe2 Qc7 15. Rad1 h6 16. Bh4 Nd5 17. Bxe7 Qxe7 18. f4 c5 19. c4 Nb6 20. b3 cxd4 21. Rxd4 Rfd8 22. Rfd1 Rxd4 23. Rxd4 Rd8 24. Rxd8+ Qxd8 25. Qd3 Qc7 26. Qd4 a6 27. a4 f6 28. Nd3 Kf7 29. a5 Nc8 30. b4 Ne7 31. Kf2 Nf5 32. Qc5 Qd7 33. Nc1 Qd2+ 34. Ne2 Nd6 35. Kf3 Qd3+ 36. Qe3 Qxc4 37. Qd4 Qxd4 38. Nxd4 e5 39. fxe5 fxe5 40. Nb3 Ke6 41. Nd2 Kd5 42. Ke3 Nc4+ 43. Nxc4 Kxc4 44. Ke4 Kxb4 45. g4 Kxa5 46. h4 b5 0-1

[Event "TUR Cup"]
[Site "Antalya"]
[Date "2017.01.31"]
[Round "6"]
[White "Mataraci, Omer Baransel"]
[Black "Kilic, Cihan"]
[Result "0-1"]
[WhiteElo "1708"]
[BlackElo "2003"]
[PlyCount "42"]
[EventDate "2017.01.28"]
[EventType "swiss"]
[EventRounds "11"]
[EventCountry "TUR"]
[SourceTitle "CBM 176 Extra"]
[Source "ChessBase"]
[SourceDate "2017.03.02"]
[SourceVersion "1"]
[SourceVersionDate "2017.03.02"]
[SourceQuality "1"]

1. d4 Nf6 2. Nf3 g6 3. g3 Bg7 4. Bg2 0-0 5. 0-0 d6 6. c4 Nbd7 7. Nc3 c6 8. b3 e5 9. dxe5 dxe5 10. Qc2 Qc7 11. e4 Re8 12. Bb2 a5 13. Rad1 h6 14. Rfe1 Nc5 15. Nd2 Ne6 16. Ne2 Nd7 17. Nf1 Ndc5 18. Ne3 b6 19. f4 exf4 20. Nd5 cxd5 21. exd5 f3 0-1

[Event "EU-ch U18 26th"]
[Site "Prague"]
[Date "2016.08.22"]
[Round "5"]
[White "Kilic, Cihan"]
[Black "Stepan, Patrik"]
[Result "0-1"]
[WhiteElo "1893"]
[BlackElo "2145"]
[PlyCount "42"]
[EventDate "2016.08.18"]
[EventType "swiss"]
[EventRounds "9"]
[EventCountry "CZE"]
[SourceTitle "CBM 174 Extra"]
[Source "ChessBase"]
[SourceDate "2016.10.10"]
[SourceVersion "1"]
[SourceVersionDate "2016.10.10"]
[SourceQuality "1"]

1. d4 Nf6 2. c4 e6 3. a3 d5 4. Nc3 Be7 5. Nf3 0-0 6. e3 Nbd7 7. Qc2 a6 8. b4 a5 9. b5 c5 10. Be2 b6 11. 0-0 Bb7 12. Rd1 Rc8 13. cxd5 cxd4 14. exd4 Nxd5 15. Bd2 Rxc3 16. Bxc3 Qc7 17. Rac1 Rc8 18. Ne5 Nxe5 19. dxe5 Bxa3 20. Qd2 Bxc1 21. Rxc1 Nxc3 0-1

[Event "TUR-ch U20"]
[Site "Canakkale"]
[Date "2016.07.03"]
[Round "9"]
[White "Algunerhan, Siar"]
[Black "Kilic, Cihan"]
[Result "0-1"]
[WhiteElo "1688"]
[BlackElo "1883"]
[PlyCount "76"]
[EventDate "2016.06.27"]
[EventType "swiss"]
[EventRounds "9"]
[EventCountry "TUR"]
[SourceTitle "CBM 173 Extra"]
[Source "ChessBase"]
[SourceDate "2016.08.29"]
[SourceVersion "1"]
[SourceVersionDate "2016.08.29"]
[SourceQuality "1"]

1. e4 c6 2. d4 d5 3. Nc3 dxe4 4. Nxe4 Nf6 5. Nxf6+ gxf6 6. Be3 Bf5 7. Bd3 Bg6 8. Qd2 e6 9. Ne2 Bd6 10. 0-0 Qc7 11. f4 Nd7 12. c4 c5 13. d5 0-0-0 14. a3 Kb8 15. Nc3 a6 16. Rfb1 Bxd3 17. Qxd3 Bxf4 18. Bxf4 Qxf4 19. Rf1 Qc7 20. b3 Rhg8 21. Qh3 f5 22. Rad1 Nf6 23. Rfe1 Ng4 24. g3 f4 25. Ne4 f5 26. Nc3 fxg3 27. hxg3 f4 28. dxe6 Rxd1 29. Nxd1 Ne5 30. g4 Rxg4+ 31. Kf1 Rg3 32. Qf5 Rf3+ 33. Nf2 Ng6 34. e7 Nxe7 35. Qe4 Re3 36. Rxe3 fxe3 37. Qxe3 Nf5 38. Qe4 Ng3+ 0-1

[Event "TUR-ch U20"]
[Site "Canakkale"]
[Date "2016.07.02"]
[Round "8"]
[White "Kilic, Cihan"]
[Black "Tarlabasi, Emirhan"]
[Result "0-1"]
[WhiteElo "1883"]
[BlackElo "1937"]
[PlyCount "86"]
[EventDate "2016.06.27"]
[EventType "swiss"]
[EventRounds "9"]
[EventCountry "TUR"]
[SourceTitle "CBM 173 Extra"]
[Source "ChessBase"]
[SourceDate "2016.08.29"]
[SourceVersion "1"]
[SourceVersionDate "2016.08.29"]
[SourceQuality "1"]

1. e4 e6 2. d4 d5 3. exd5 exd5 4. Bd3 c5 5. c3 Nf6 6. Nf3 c4 7. Bc2 Bg4 8. 0-0 Be7 9. h3 Bh5 10. Bf4 0-0 11. b3 cxb3 12. axb3 Bd6 13. Bxd6 Qxd6 14. Nbd2 Nc6 15. Bf5 a5 16. Qc2 Rfe8 17. Rfe1 b5 18. Re3 b4 19. c4 Bxf3 20. Nxf3 dxc4 21. Qxc4 Nd5 22. Rxe8+ Rxe8 23. Qc5 Rd8 24. Qxd6 Rxd6 25. Be4 f6 26. Nd2 Nxd4 27. Rxa5 Nc3 28. Kh2 Rd8 29. Ra7 Nxe4 30. Nxe4 Nxb3 31. Rb7 Rd4 32. Ng3 g6 33. Ne2 Rc4 34. Kg3 Nc5 35. Rb8+ Kf7 36. Kf3 b3 37. Ke3 Rc2 38. Rb5 b2 39. Rb4 f5 40. f3 g5 41. g3 h5 42. Rb5 h4 43. gxh4 f4+ 0-1

[Event "Kahramanmaras op 7th"]
[Site "Kahramanmaras"]
[Date "2016.04.07"]
[Round "5.13"]
[White "Gucin, Zafer"]
[Black "Kilic, Cihan"]
[Result "1-0"]
[WhiteElo "2025"]
[BlackElo "1921"]
[PlyCount "101"]
[EventDate "2016.04.04"]
[EventType "swiss"]
[EventRounds "9"]
[EventCountry "TUR"]
[SourceTitle "EXT 2018"]
[Source "ChessBase"]
[SourceDate "2017.10.13"]
[SourceVersion "1"]
[SourceVersionDate "2017.10.13"]
[SourceQuality "1"]

1. e4 c6 2. c4 d5 3. exd5 cxd5 4. cxd5 Nf6 5. Qa4+ Bd7 6. Qb3 Na6 7. d4 Qb6 8. Bxa6 Qxa6 9. Nc3 g6 10. Nge2 Bg7 11. Bf4 0-0 12. Be5 Rfd8 13. 0-0 Bf5 14. Rfe1 Bd3 15. Nf4 Bc4 16. Qb4 Bf8 17. d6 Rd7 18. b3 Bd3 19. Nxd3 Qxd3 20. Bxf6 exf6 21. Ne4 a5 22. Qc4 Qxc4 23. bxc4 Bg7 24. Rad1 f5 25. Nc3 Rxd6 26. Nb5 Rc6 27. c5 Rd8 28. Nd6 Kf8 29. Nxb7 Rxd4 30. Rxd4 Bxd4 31. Rc1 Be5 32. Nxa5 Ra6 33. Nc4 Bd4 34. c6 Rxc6 35. Kf1 Ke7 36. Rc2 g5 37. Ke2 Be5 38. h3 Bb8 39. Kd3 h5 40. Rb2 Bd6 41. a4 f4 42. Rb5 f6 43. f3 Bc5 44. a5 Ke6 45. Rb8 Kf5 46. Rh8 Bb4 47. Ra8 g4 48. hxg4+ hxg4 49. a6 Be1 50. fxg4+ Kxg4 51. Rg8+ 1-0

[Event "Manavgat Turkey Cup"]
[Site "Manavgat"]
[Date "2016.02.01"]
[Round "4"]
[White "Rzayev, Askar Aliakbar"]
[Black "Kilic, Cihan"]
[Result "1-0"]
[WhiteElo "2082"]
[BlackElo "1912"]
[PlyCount "75"]
[EventDate "2016.01.30"]
[EventType "swiss"]
[EventRounds "11"]
[EventCountry "TUR"]
[SourceTitle "CBM 170 Extra"]
[Source "ChessBase"]
[SourceDate "2016.02.25"]
[SourceVersion "1"]
[SourceVersionDate "2016.02.25"]
[SourceQuality "1"]

1. e4 c6 2. c4 d5 3. exd5 cxd5 4. cxd5 Nf6 5. Qa4+ Bd7 6. Qb3 Qc8 7. Nc3 a5 8. a4 Na6 9. d4 Nb4 10. Bd2 Nfxd5 11. Rc1 Bc6 12. Bc4 e6 13. Nf3 Bd6 14. Nb5 Bb8 15. Ne5 0-0 16. 0-0 Qe8 17. Qh3 f5 18. Rfe1 Rf6 19. Bg5 Bxe5 20. Rxe5 Rg6 21. Bd2 Kh8 22. f3 Rd8 23. b3 Qd7 24. Qh4 Ra8 25. Kh1 b6 26. h3 Rf8 27. Rce1 f4 28. Bxb4 axb4 29. Bd3 Rh6 30. Rh5 Rff6 31. Rxh6 Rxh6 32. Qg5 Rf6 33. Qe5 g6 34. Be4 Kg7 35. Nd6 Ne7 36. Rc1 Bd5 37. Rc7 Qxc7 38. Ne8+ 1-0

[Event "Manavgat Turkey Cup"]
[Site "Manavgat"]
[Date "2016.01.31"]
[Round "2"]
[White "Donmez, Yusuf"]
[Black "Kilic, Cihan"]
[Result "0-1"]
[WhiteElo "2071"]
[BlackElo "1912"]
[PlyCount "100"]
[EventDate "2016.01.30"]
[EventType "swiss"]
[EventRounds "11"]
[EventCountry "TUR"]
[SourceTitle "CBM 170 Extra"]
[Source "ChessBase"]
[SourceDate "2016.02.25"]
[SourceVersion "1"]
[SourceVersionDate "2016.02.25"]
[SourceQuality "1"]

1. d4 Nf6 2. Nf3 e6 3. Bf4 d5 4. e3 Bd6 5. Ne5 0-0 6. Nd2 c5 7. c3 Nc6 8. Bg3 Qe7 9. Bd3 g6 10. f4 Nh5 11. Ndf3 f5 12. Bh4 Qg7 13. g4 Nf6 14. gxf5 exf5 15. Rg1 Ne4 16. Bxe4 dxe4 17. dxc5 Nxe5 18. Nxe5 Bxe5 19. Qd5+ Qf7 20. Qxf7+ Rxf7 21. fxe5 Be6 22. 0-0-0 Rc7 23. Rd6 Kf7 24. b4 h6 25. Bd8 Rc6 26. Bf6 Rac8 27. Kb2 b6 28. Rxc6 Rxc6 29. cxb6 axb6 30. a4 g5 31. h4 f4 32. hxg5 hxg5 33. Bxg5 f3 34. Rh1 Bc4 35. Rh2 Rg6 36. Bf4 Rg1 37. Rh7+ Kg8 38. Rh2 Rg4 39. Rf2 Kf7 40. b5 Ke6 41. Ka3 Rxf4 42. exf4 Bd5 43. c4 Ba8 44. Rh2 e3 45. Rh6+ Kf7 46. Rh7+ Kg6 47. Rh8 e2 48. Rxa8 e1Q 49. f5+ Kxf5 50. Rf8+ Ke4 0-1